[Event "KAZ-ROU Youth Friendly"]
[Site "Tornelo INT"]
[Date "2020.11.06"]
[Round "1.4"]
[White "Stefan, Iulia Cristiana"]
[Black "Altybayeva, Zhayna"]
[Result "1/2-1/2"]
[WhiteElo "1570"]
[BlackElo "1288"]
[PlyCount "76"]
[EventDate "2020.11.06"]
[EventType "team-match (rapid)"]
[EventRounds "2"]
[EventCountry "KAZ"]
[SourceTitle "CBM 199 Extra"]
[Source "ChessBase"]
[SourceDate "2021.01.31"]
[SourceVersion "1"]
[SourceVersionDate "2021.01.31"]
[SourceQuality "1"]
[WhiteTeam "Romania"]
[BlackTeam "Kazakhstan"]
[WhiteTeamCountry "ROU"]
[BlackTeamCountry "KAZ"]

1. e4 c5 2. Nc3 d6 3. g3 Nc6 4. Bg2 Nf6 5. d3 g6 6. Nh3 Bg7 7. 0-0 0-0 8. f4 Bg4 9. Qd2 Bd7 10. f5 a6 11. Qd1 b5 12. g4 b4 13. Nb1 Rc8 14. g5 Ne8 15. c3 a5 16. a3 Nc7 17. Qe2 Qe8 18. f6 Bh8 19. Kh1 Qd8 20. Qf2 Ne5 21. Nf4 Ng4 22. Qg3 exf6 23. gxf6 Nxf6 24. Nd2 Bg7 25. Nc4 Nfe8 26. Bd2 f5 27. Nxa5 Nb5 28. axb4 cxb4 29. Rfc1 bxc3 30. bxc3 Bxc3 31. Bxc3 Rxc3 32. Rxc3 Nxc3 33. Nc4 Qb8 34. Rc1 Na2 35. Rd1 Qb3 36. Rf1 Nc3 37. e5 dxe5 38. Nxe5 Qb5 1/2-1/2